Capital of Countries of the World in 1945 with a Map - Statistics

General Stats
  • This quiz has been taken 125 times
    107 since last reset
  • The average score is 57 of 74
Answers on the Map
Answers color-coded by a green-red scale on the quiz's map according to % correct below.
 
Answer Stats
Capital % Correct
Moscow
97%
London
96%
Paris
96%
Washington DC
95%
Lisbon
92%
Madrid
92%
Mexico
91%
Ottawa
91%
Beijing
89%
Brussels
89%
Tokyo
89%
Warsaw
89%
Dublin
87%
Rome
87%
Ankara
86%
Buenos Aires
86%
Cairo
86%
Rio de Janeiro
86%
Stockholm
86%
Amsterdam
85%
Canberra
85%
Havana
85%
Lima
85%
Oslo
85%
Prague
85%
Athens
84%
Bangkok
84%
Santiago
84%
Tehran
84%
Hanoi
82%
Helsinki
82%
Jakarta
82%
Panama
82%
Baghdad
81%
Bern
81%
Budapest
81%
Reykjavik
81%
Ulaanbaatar
81%
Belgrade
80%
Bucharest
80%
Kabul
80%
Pretoria/ Cape Town/Bloemfontein
80%
Addis Ababa
78%
Riyadh
78%
Sofia
78%
Bogota
77%
Caracas
77%
Montevideo
77%
Quito
77%
Wellington
77%
Damascus
76%
Guatemala
76%
Sucre/ La Paz
76%
Asuncion
75%
Kathmandu
75%
San Jose
73%
Tirana
73%
Luxembourg
70%
Port-au-Prince
70%
San Salvador
70%
Beirut
67%
Santo Domingo
67%
Sana'a
66%
San Marino
66%
Monrovia
62%
Vatican City
62%
Andorra la Vella
61%
Monaco
59%
Vaduz
59%
Managua
58%
Tegucigalpa
57%
Lhasa
56%
Copenahgen
9%
Ghulja
3%
No matching quizzes found
Score Distribution
Percent of People with Each Score
Percentile by Number Answered
Your Score History
You have not taken this quiz since the last reset